00400nam a2200157Ia 45000010006000000050017000060080041000230410008000640820017000721000033000892450063001222600009001853000032001946500008002266540008002341891220260306171705.0260306s9999||||xx |||||||||||||| ||und|| aESP a658.562bG24 aGarcía Prado, EnriqueeAUT 0aCalidad y servicios de proximidad en el pequeño comercio c2015 axv, 108 páginas :c24 cm. aGEN aCAN